Quiz de opción múltiple – Ciudad de México - Estadísticas

Estadísticas generales
  • Esta prueba ha sido intentada 1.745 veces
  • La puntuación promedio es 6 de 10
Estadísticas de respuestas
Pregunta Respuesta % Correcto
¿Cuál de estos artistas vivió en Ciudad de México? Frida Kahlo
90%
¿Cómo se llamaba la ciudad azteca sobre la que se construyó Ciudad de México? Tenochtitlan
81%
¿Cómo indicó el dios Huitzilopochtli a los mexicas dónde debían construir su ciudad? Un águila sobre un cactus comiéndose una serpiente
75%
¿Qué figura religiosa se le apareció a Juan Diego en el pueblo de Guadalupe en 1531? La Virgen María
67%
¿Cuál es la altitud de Ciudad de México en metros? 2.240
57%
¿Por qué es conocido el barrio de Xochimilco? Canales con paseos en barca y mariachis
57%
¿En que año se celebraron los Juegos Olímpicos de Verano en Ciudad de México? 1968
54%
¿Qué plaza se encuentra en el corazón de Ciudad de México? Plaza Zócalo
48%
¿Quién construyó el Museo Soumaya para albergar su gigantesca colección de arte? Carlos Slim
46%
¿Qué zona de la ciudad, ahora aburguesada, fue objeto de una película de Alfonso Cuarón en 2018? Roma
45%
No se encontraron pruebas coincidentes
Distribución de puntuación
Porcentaje de gente con cada puntuación
Porcentaje por número respondido
Historial de tus puntuaciones
No has intentado esta prueba.